| 000 | 00812nam a2200241 a 4500 | ||
|---|---|---|---|
| 005 | 20231026063545.0 | ||
| 008 | 030326s2001 mx r 000 0 spa d | ||
| 020 | _a9701030842 | ||
| 035 | _aUPN01000123241 | ||
| 049 | _aCG | ||
| 050 | 4 |
_aHG4026 _bB4.38 2001 |
|
| 100 | 1 |
_aBesley, Scott _935039 |
|
| 245 | 1 | 0 |
_aFundamentos de administración financiera / _cScott Besley, Eugene F. Brigham; tr. Jaime Gómez Mont. |
| 250 | _a12a ed. | ||
| 260 |
_aMéxico : _bMCGraw-Hill, _cc2001. |
||
| 300 |
_axxvi,919 p. : _bgráfs. |
||
| 534 |
_pTraducción de: _tEssentials of managerial finance |
||
| 590 | _aBibliografía Básica (BGTQ) | ||
| 590 | _a(También localizas un ejemplar en el "Area de Reserva") | ||
| 650 | 4 |
_aAdministración financiera _9499 |
|
| 700 | 1 |
_aBrigham,Eugene F., _ecoaut. |
|
| 905 | _aLibro | ||
| 999 |
_c95422 _d95422 |
||